000
00287nam a22001337a 4500
008
171016b xxu||||| |||| 00| 0 eng d
020
_a
9780465081431
041
_a
eng
080
_a
33
100
_a
52
101
_a
ECO
245
_a
APPLIED ECONOMICS
_c
SOWELL.TH
942
_2
udc
_c
BK
999
_c
34101
_d
34101